Statistics for Municipalities of Ibaraki Prefecture

Click here to take the quiz!

General Stats

  • This quiz has been taken 80 times
  • The average score is 29 of 44

Answers on the Map

Answers color-coded by a green-red scale on the quiz's map according to % correct below.
 

Answer Stats

Answer% Correct
Hitachi 日立
96%
Mito 水戸
93%
Tsukuba つくば
89%
Kashima 鹿嶋
81%
Kitaibaraki 北茨城
81%
Hitachinaka ひたちなか
78%
Toride 取手
78%
Tsuchiura 土浦
78%
Ushiku 牛久
78%
Chikusei 筑西
74%
Daigo 大子
74%
Kasumigaura かすみがうら
74%
Takahagi 高萩
74%
Ishioka 石岡
70%
Kamisu 神栖
70%
Koga 古河
70%
Oarai 大洗
70%
Tokai 東海
70%
Hokota 鉾田
67%
Omitama 小美玉
67%
Tone 利根
67%
Ami 阿見
63%
Hitachiomiya 常陸大宮
63%
Kasama 笠間
63%
Ryugasaki 龍ケ崎
63%
Tsukubamirai つくばみらい
63%
Yuki 結城
63%
Hitachiota 常陸太田
59%
Joso 常総
59%
Moriya 守谷
59%
Naka 那珂
59%
Ibaraki 茨城
56%
Itako 潮来
56%
Namegata 行方
56%
Sakai 境
56%
Sakuragawa 桜川
56%
Shirosato 城里
56%
Bando 坂東
52%
Inashiki 稲敷
52%
Shimotsuma 下妻
52%
Miho 美浦
48%
Goka 五霞
44%
Yachiyo 八千代
37%
Kawachi 河内
33%

Score Distribution

Percentile by Number Answered

Percent of People with Each Score

Your Score History

You have not taken this quiz